The dangerous sex : (Record no. 6404)
[ view plain ]
| 000 -LEADER | |
|---|---|
| fixed length control field | 00739nam a22002652a 4500 |
| 001 - CONTROL NUMBER | |
| control field | 6404 |
| 003 - CONTROL NUMBER IDENTIFIER | |
| rucl marc code | BD RJUL |
| 005 - DATE AND TIME OF LATEST TRANSACTION | |
| control field | 20211208234234.0 |
| 008 - FIXED-LENGTH DATA ELEMENTS--GENERAL INFORMATION | |
| fixed length control field | 110114s1966 xx 000 0 eng d |
| 035 ## - SYSTEM CONTROL NUMBER | |
| System control number | BD RJUL 6444 |
| 040 ## - CATALOGING SOURCE | |
| Original cataloging agency | CWR |
| Transcribing agency | CWR |
| Modifying agency | UKM |
| -- | BD RJUL |
| Language of cataloging | eng |
| 041 ## - LANGUAGE CODE | |
| Language code of text/sound track or separate title | eng |
| 082 ## - DEWEY DECIMAL CLASSIFICATION NUMBER | |
| Classification number | 301.412 |
| Edition number | 18 |
| Author mark and year | HAD 1966 |
| 090 ## - LOCALLY ASSIGNED LC-TYPE CALL NUMBER (OCLC); LOCAL CALL NUMBER (OCLC) | |
| Classification number (OCLC) (R) ; Classification number, CALL (RLIN) (NR) | HQ21 |
| Local cutter number (OCLC) ; Book number/undivided call number, CALL (RLIN) | .H37 1966 |
| 100 1# - MAIN ENTRY--PERSONAL NAME | |
| Personal name | Hays, H. R. |
| Fuller form of name | (Hoffman Reynolds), |
| Dates associated with a name | 1904-1980 |
| 9 (RLIN) | 20168 |
| 245 14 - TITLE STATEMENT | |
| Title | The dangerous sex : |
| Remainder of title | the myth of feminine evil / |
| Statement of responsibility, etc. | by H.R. Hays. |
| 260 ## - PUBLICATION, DISTRIBUTION, ETC. (IMPRINT) | |
| Place of publication, distribution, etc. | London : |
| Name of publisher, distributor, etc. | Methuen, |
| Date of publication, distribution, etc. | 1966 |
| 300 ## - PHYSICAL DESCRIPTION | |
| Pagination | 315 p |
| Size | 22cm. |
| 504 ## - BIBLIOGRAPHY, ETC. NOTE | |
| Bibliography, etc | Bibliography: p. 297-306 |
| 650 #0 - SUBJECT ADDED ENTRY--TOPICAL TERM | |
| Topical term or geographic name as entry element | Sex customs |
| 9 (RLIN) | 20169 |
| Topical term or geographic name as entry element | Women |
| 9 (RLIN) | 20170 |
| 942 ## - ADDED ENTRY ELEMENTS (KOHA) | |
| Source of classification or shelving scheme | Dewey Decimal Classification |
| Koha item type | Books |
| Lost status | Source of classification or shelving scheme | Damaged status | Not for loan | Collection code | Permanent Location | Current Location | Date acquired | Source of acquisition | Cost, normal purchase price | Total Checkouts | Full call number | Date last seen | Copy number | Koha item type |
|---|---|---|---|---|---|---|---|---|---|---|---|---|---|---|
| Dewey Decimal Classification | Not For Loan | Non-fiction | Central Library, University of Rajshahi | Central Library, University of Rajshahi | 19/01/1967 | Euro Park | 0.00 | 301.412 HAD 1966 | 11/01/2014 | C-1 | Books |